Models in microeconomic theory
| Titel: | Models in microeconomic theory / Martin J. Osborne and Ariel Rubinstein |
|---|---|
| Verfasser: | ; |
| Ausgabe: | 'She' edition. |
| Veröffentlicht: | Cambridge : Open Book Publishers, 2020 |
| Umfang: | 1 Online-Ressource (362 Seiten) |
| Format: | E-Book |
| Sprache: | Englisch |
| RVK-Notation: | |
| ISBN: | 9781783748945 ; 9781783748921 ; 9781783748938 |
| Hinweise zum Inhalt: |
Cover
|
alg: 48087681 001A $06055:30-06-21 001B $01999:05-10-24 $t11:21:17.000 001D $06055:30-06-21 001U $0utf8 001X $00 002@ $0Oax 002C $aText $btxt $2rdacontent 002D $aComputermedien $bc $2rdamedia 002E $aOnline-Ressource $bcr $2rdacarrier 003@ $0480876819 004A $A978-1-78374-894-5 $f(pdf) 004O $A978-1-78374-892-1 $Sp $f(pbk.) 004O $A978-1-78374-893-8 $Sp $f(hbk.) 006C $01155138371 $aOCoLC 007A $0480876819 $aHEB 007I $0OBP-10.11647/OBP.0211 009P $3Cover $uhttps://cdn.openbookpublishers.com/covers/10.11647/obp.0211.jpg 009Q $S0 $uhttps://doi.org/10.11647/OBP.0211 $xR 010@ $aeng 011@ $a2020 017B $aZDB-294-OBPA 021A $aModels in microeconomic theory $hMartin J. Osborne and Ariel Rubinstein 028A $aOsborne $BVerfasser $dMartin J. $4aut 028C $aRubinstein $BVerfasser $dAriel $4aut 032@ $a'She' edition. 033A $pCambridge $nOpen Book Publishers 033E $pCambridge, UK $nOpen Book Publishers 034D $a1 Online-Ressource (362 Seiten) 037A $a"This book is available in two versions, one that uses feminine pronouns and one that uses masculine pronouns. This version uses feminine pronouns"--Back of title-page 037A $aA solution manual for "Models in microeconomic theory" is available to instructors. Please go to Additional Resources tab on publisher's website to request an electronic copy 037A $aIncludes bibliography (pages 326-333) and index 037J $aOpen Access $qDE-30 $2star $uhttps://purl.org/coar/access_right/c_abf2 $fUnrestricted online access 044A $aGame theory $S#0 $N650 044A $aMicroeconomics $S#0 $N650 044K $RWirtschaftstheorie $RVolkswirtschaftslehre $#Microeconomics $#Microéconomie $#Microeconomía $#Mikroökonomik $#Mikroökonomie $#Mikroökonomik $74039225-9 $8Mikroökonomie [Ts1] $9085106909 044K $RPraxis $#Theory (Philosophy) $#Théorie (philosophie) $#Theorie $#Theorie $74059787-8 $8Theorie [Tsz] $9085166316 045Z $8QC 100 [Tkv] $9411124374 047A $aSacherschließung maschinell aus paralleler Ausg. übernommen 047I $a"Models in Microeconomic Theory covers basic models in current microeconomic theory. Part I (Chapters 1-7) presents models of an economic agent, discussing abstract models of preferences, choice, and decision making under uncertainty, before turning to models of the consumer, the producer, and monopoly. Part II (Chapters 8-14) introduces the concept of equilibrium, beginning, unconventionally, with the models of the jungle and an economy with indivisible goods, and continuing with models of an exchange economy, equilibrium with rational expectations, and an economy with asymmetric information. Part III (Chapters 15-16) provides an introduction to game theory, covering strategic and extensive games and the concepts of Nash equilibrium and subgame perfect equilibrium. Part IV (Chapters 17-20) gives a taste of the topics of mechanism design, matching, the axiomatic analysis of economic systems, and social choice. The book focuses on the concepts of model and equilibrium. It states models and results precisely, and provides proofs for all results. It uses only elementary mathematics (with almost no calculus), although many of the proofs involve sustained logical arguments. It includes about 150 exercises. With its formal but accessible style, this textbook is designed for undergraduate students of microeconomics at intermediate and advanced levels."."--Publisher's website. lok: 48087681 3 101B $010-01-24 $t16:00:43.000 101C $010-01-24 101U $0utf8 145S/01 $a008 exp: 48087681 3 1 #EPN 201B/01 $003-10-24 $t02:18:04.474 201C/01 $030-06-21 201U/01 $0utf8 203@/01 $01159868840 208@/01 $a30-06-21 $bl 209S/01 $S0 $uhttps://doi.org/10.11647/OBP.0211 $XR lok: 48087681 5 exp: 48087681 5 1 #EPN 201B/01 $003-10-24 $t02:18:04.478 201C/01 $011-02-22 201U/01 $0utf8 203@/01 $01182364357 208@/01 $a11-02-22 $bl 209S/01 $S0 $uhttps://doi.org/10.11647/OBP.0211 $XR lok: 48087681 8 exp: 48087681 8 1 #EPN 201B/01 $003-10-24 $t02:18:04.489 201C/01 $030-06-21 201U/01 $0utf8 203@/01 $01159868859 208@/01 $a30-06-21 $bl 209S/01 $S0 $uhttps://doi.org/10.11647/OBP.0211 $XR lok: 48087681 10 exp: 48087681 10 1 #EPN 201B/01 $003-10-24 $t02:18:04.494 201C/01 $030-06-21 201U/01 $0utf8 203@/01 $01159868867 208@/01 $a30-06-21 $bl 209S/01 $S0 $uhttps://doi.org/10.11647/OBP.0211 $XR lok: 48087681 21 exp: 48087681 21 1 #EPN 201B/01 $003-10-24 $t02:18:04.542 201C/01 $030-06-21 201U/01 $0utf8 203@/01 $01159868883 208@/01 $a30-06-21 $bl 209S/01 $S0 $uhttps://doi.org/10.11647/OBP.0211 $XR lok: 48087681 23 exp: 48087681 23 1 #EPN 201B/01 $003-10-24 $t02:18:04.547 201C/01 $030-06-21 201U/01 $0utf8 203@/01 $01159868891 208@/01 $a30-06-21 $bl 209S/01 $S0 $uhttps://doi.org/10.11647/OBP.0211 $XR lok: 48087681 25 exp: 48087681 25 1 #EPN 201B/01 $003-10-24 $t02:18:04.551 201C/01 $030-06-21 201U/01 $0utf8 203@/01 $01159868905 208@/01 $a30-06-21 $bl 209S/01 $S0 $uhttps://doi.org/10.11647/OBP.0211 $XR lok: 48087681 204 exp: 48087681 204 1 #EPN 201B/01 $003-10-24 $t02:18:04.554 201C/01 $030-06-21 201U/01 $0utf8 203@/01 $01159868913 208@/01 $a30-06-21 $bl 209S/01 $S0 $uhttps://doi.org/10.11647/OBP.0211 $XR lok: 48087681 205 exp: 48087681 205 1 #EPN 201B/01 $003-10-24 $t02:18:04.558 201C/01 $030-06-21 201U/01 $0utf8 203@/01 $01159868921 208@/01 $a30-06-21 $bl 209S/01 $S0 $uhttps://doi.org/10.11647/OBP.0211 $XR
| LEADER | 00000cam a22000002c 4500 | ||
|---|---|---|---|
| 001 | 480876819 | ||
| 003 | DE-603 | ||
| 005 | 20241005112117.0 | ||
| 007 | cr|||||||||||| | ||
| 008 | 210630s2020 xx |||| o| u00||u|eng c | ||
| 020 | |a 9781783748945 |c (pdf) | ||
| 035 | |a (DE-599)HEB480876819 | ||
| 040 | |a DE-603 |b ger |c DE-603 |d DE-603 | ||
| 041 | |a eng | ||
| 084 | |a QC 100 |0 (DE-625)141244: |0 (DE-603)411124374 |2 rvk | ||
| 100 | 1 | |a Osborne, Martin J. |e Verfasser |4 aut | |
| 245 | 0 | 0 | |a Models in microeconomic theory |c Martin J. Osborne and Ariel Rubinstein |
| 250 | |a 'She' edition. | ||
| 264 | 1 | |a Cambridge |b Open Book Publishers |c 2020 | |
| 264 | 2 | |a Cambridge, UK |b Open Book Publishers | |
| 300 | |a 1 Online-Ressource (362 Seiten) | ||
| 336 | |a Text |b txt |2 rdacontent | ||
| 337 | |a Computermedien |b c |2 rdamedia | ||
| 338 | |a Online-Ressource |b cr |2 rdacarrier | ||
| 500 | |a "This book is available in two versions, one that uses feminine pronouns and one that uses masculine pronouns. This version uses feminine pronouns"--Back of title-page | ||
| 500 | |a A solution manual for "Models in microeconomic theory" is available to instructors. Please go to Additional Resources tab on publisher's website to request an electronic copy | ||
| 500 | |a Includes bibliography (pages 326-333) and index | ||
| 520 | |a "Models in Microeconomic Theory covers basic models in current microeconomic theory. Part I (Chapters 1-7) presents models of an economic agent, discussing abstract models of preferences, choice, and decision making under uncertainty, before turning to models of the consumer, the producer, and monopoly. Part II (Chapters 8-14) introduces the concept of equilibrium, beginning, unconventionally, with the models of the jungle and an economy with indivisible goods, and continuing with models of an exchange economy, equilibrium with rational expectations, and an economy with asymmetric information. Part III (Chapters 15-16) provides an introduction to game theory, covering strategic and extensive games and the concepts of Nash equilibrium and subgame perfect equilibrium. Part IV (Chapters 17-20) gives a taste of the topics of mechanism design, matching, the axiomatic analysis of economic systems, and social choice. The book focuses on the concepts of model and equilibrium. It states models and results precisely, and provides proofs for all results. It uses only elementary mathematics (with almost no calculus), although many of the proofs involve sustained logical arguments. It includes about 150 exercises. With its formal but accessible style, this textbook is designed for undergraduate students of microeconomics at intermediate and advanced levels."."--Publisher's website. | ||
| 650 | 7 | |a Mikroökonomie |0 (DE-588)4039225-9 |0 (DE-603)085106909 |2 gnd | |
| 650 | 7 | |a Theorie |0 (DE-588)4059787-8 |0 (DE-603)085166316 |2 gnd | |
| 700 | 1 | |a Rubinstein, Ariel |e Verfasser |4 aut | |
| 776 | 1 | |z 9781783748921 | |
| 776 | 1 | |z 9781783748938 | |
| 856 | |u https://doi.org/10.11647/OBP.0211 |x Resolving-System |z kostenfrei | ||
| 856 | 4 | 2 | |u https://cdn.openbookpublishers.com/covers/10.11647/obp.0211.jpg |3 Cover |
| 912 | |a ZDB-294-OBPA | ||
| 924 | 1 | |9 603 |a (DE-603)1159868840 |b DE-603 |c HES |d d | |
| 924 | 1 | |9 603 |a (DE-603)1182364357 |b DE-603 |c HES |d d | |
| 924 | 1 | |9 603 |a (DE-603)1159868859 |b DE-603 |c HES |d d | |
| 924 | 1 | |9 603 |a (DE-603)1159868867 |b DE-603 |c HES |d d | |
| 924 | 1 | |9 603 |a (DE-603)1159868883 |b DE-603 |c HES |d d | |
| 924 | 1 | |9 603 |a (DE-603)1159868891 |b DE-603 |c HES |d d | |
| 924 | 1 | |9 603 |a (DE-603)1159868905 |b DE-603 |c HES |d d | |
| 924 | 1 | |9 603 |a (DE-603)1159868913 |b DE-603 |c HES |d d | |
| 924 | 1 | |9 603 |a (DE-603)1159868921 |b DE-603 |c HES |d d | |